| 000 | 01023nam0a2200253 4500 | ||
|---|---|---|---|
| 001 | RU\NLR\BIBL_A\022555253 | ||
| 005 | 20250630181541.0 | ||
| 035 | _a(NLR Aleph) 022555253 | ||
| 090 |
_a13432934 _c13432934 |
||
| 100 | _a20250602d1972 |||y0rusy50 ca | ||
| 101 | 0 | _aaze | |
| 102 | _aAZ | ||
| 105 | _ay z 000 y | ||
| 181 | 0 |
_ai _baxxe |
|
| 182 | 0 | _an | |
| 200 | 1 |
_aССРИ -нин тәшкил едилмәсин 50 иллиjинә даир картотека нүмунәси _fАзССР Мәдәниjjәт наз. Ф.Көчәрли ад. Респ. Ушаг китабханасы _gтәрт. ед.: Р. Шәмсиjева |
|
| 203 |
_aТекст _bвизуальный _cнепосредственный |
||
| 210 |
_aБакы _cФ.Көчәрли ад. Респ. Ушаг китабханасы _d1972 |
||
| 215 |
_a17 с. _d20 |
||
| 541 | 1 |
_aОбразец картотеки: '' 50-лет образования СССР'' _zrus |
|
| 702 | 1 |
_aШәмсиjева _bР. _4220 |
|
| 942 | _cBOOK | ||
| 980 | _aNB | ||